Zambia 2018 Demographic and Health Survey: (Record no. 1790)

MARC details
000 -LEADER
fixed length control field 00579nam a22001817a 4500
005 - DATE AND TIME OF LATEST TRANSACTION
control field 20250414101439.0
008 - FIXED-LENGTH DATA ELEMENTS--GENERAL INFORMATION
fixed length control field 250414b |||||||| |||| 00| 0 eng d
040 ## - CATALOGING SOURCE
Original cataloging agency KMU
Transcribing agency KMU
Modifying agency KMU
Description conventions rda
110 ## - MAIN ENTRY--CORPORATE NAME
Corporate name or jurisdiction name as entry element Government-
Subordinate unit Zambia Statistics Agency(ZSA)
245 ## - TITLE STATEMENT
Title Zambia 2018 Demographic and Health Survey:
Remainder of title Summary report/
Statement of responsibility, etc. Zambia Statistics Agency(ZSA)
260 ## - PUBLICATION, DISTRIBUTION, ETC.
Place of publication, distribution, etc. Lusaka:
Name of publisher, distributor, etc. Zambia Statistics Agency(ZSA),
Date of publication, distribution, etc. 2018.
300 ## - PHYSICAL DESCRIPTION
Extent 17 p.:
Other physical details ill.;
Dimensions 27cm.
500 ## - GENERAL NOTE
General note Include indicators
610 ## - SUBJECT ADDED ENTRY--CORPORATE NAME
Corporate name or jurisdiction name as entry element Demography
610 ## - SUBJECT ADDED ENTRY--CORPORATE NAME
Corporate name or jurisdiction name as entry element Health Survey
610 ## - SUBJECT ADDED ENTRY--CORPORATE NAME
Corporate name or jurisdiction name as entry element Statistics
942 ## - ADDED ENTRY ELEMENTS (KOHA)
Koha item type Reference
Suppress in OPAC No
Holdings
Withdrawn status Lost status Damaged status Use restrictions Not for loan Collection Home library Current library Shelving location Date acquired Source of acquisition Total Checkouts Full call number Barcode Date last seen Price effective from Koha item type
      Restricted Access Not For Loan Non-fiction Kapasa Makasa University Kapasa Makasa University Special Collection 14.04.2025 Donation   GOV.ZAM(02)DAHSSR/2018/1A 301098 14.04.2025 14.04.2025 Reference
      Restricted Access Not For Loan Non-fiction Kapasa Makasa University Kapasa Makasa University Special Collection 14.04.2025 Donation   GOV.ZAM(02)DAHSSR/2018/1C 301099 14.04.2025 14.04.2025 Reference
          Non-fiction Kapasa Makasa University Kapasa Makasa University Open Access 14.04.2025 Donation   GOV(02)DAHSSR/2018/1B 301100 14.04.2025 14.04.2025 Reference
          Non-fiction Kapasa Makasa University Kapasa Makasa University Open Access 14.04.2025 Donation   GOV(02)DAHSSR/2018/1D 301101 14.04.2025 14.04.2025 Reference
          Non-fiction Kapasa Makasa University Kapasa Makasa University Open Access 14.04.2025 Donation   GOV(02)DAHSSR/2018/1E 301102 14.04.2025 14.04.2025 Reference